000 00444nam a22001697a 4500
003 BDDh-ASL
005 20231015031105.0
008 230115s1910 u ||||| |||| 00| 0 a d
040 _aBDDh-ASL
_cBDDh-ASL
041 _aara
082 _a297
_bHIS
100 1 _aHisham, Ibn
_96787
245 1 0 _aSiratun Nabī : / سيرة النبي
260 _aEgypt :
_bMatba'tul Khairiya ,
_c1910/1332 H.
650 0 _aSirat
_95549
942 _2ddc
_cBK
999 _c29948
_d29948